[Event "5th LCT Open A"]
[Site "Leiden NED"]
[Date "2011.07.09"]
[Round "2"]
[White "Farrand, Tom"]
[Black "Van Den Doel, Erik"]
[Result "0-1"]
[BlackTitle "GM"]
[WhiteElo "2256"]
[BlackElo "2574"]
[WhiteFideId "406457"]
[BlackFideId "1003720"]
[EventDate "2011.07.08"]

1. e4 c5 2. Nc3 Nc6 3. f4 e6 4. Nf3 d5 5. Bb5 Ne7 6. exd5 exd5 7. Qe2 g6 8. Qe5
Rg8 9. Bxc6+ bxc6 10. O-O Bg7 11. Qe2 Bg4 12. h3 Bxf3 13. Qxf3 Nf5 14. b3 Qa5
15. Re1+ Kd7 16. a4 Rge8 17. Ba3 Re6 18. Rxe6 fxe6 19. Re1 Re8 20. Qd3 Bd4+ 21.
Kh2 e5 22. g4 e4 23. Qe2 Nh4 24. Rf1 Nf3+ 25. Rxf3 exf3 26. Qxf3 Qa6 27. Kg3 Re1
28. g5 Rg1+ 29. Kh2 Qf1 30. Qxf1 Rxf1 31. Kg3 Ra1 32. Bb2 Rg1+ 33. Kf3 Ke6 34.
Ba3 Ra1 35. Bb2 Rf1+ 0-1

[Event "5th LCT Open A"]
[Site "Leiden NED"]
[Date "2011.07.14"]
[Round "6"]
[White "Vishnu Prasanna, V"]
[Black "Van Den Doel, Erik"]
[Result "0-1"]
[WhiteTitle "IM"]
[BlackTitle "GM"]
[WhiteElo "2340"]
[BlackElo "2574"]
[WhiteFideId "5030692"]
[BlackFideId "1003720"]
[EventDate "2011.07.08"]

1. c4 Nf6 2. g3 e6 3. Bg2 d5 4. Nf3 dxc4 5. O-O Nbd7 6. Qc2 Nb6 7. a4 a5 8. Na3
Bxa3 9. Rxa3 O-O 10. d3 cxd3 11. Rxd3 Nbd5 12. Ne5 Qd6 13. Bf4 Qe7 14. Bd2 Nb4
15. Bxb4 axb4 16. Rc1 c6 17. Rd4 Ra5 18. f4 Nd5 19. Nc4 Qc5 20. Rd1 e5 21. fxe5
Nb6 22. b3 Be6 23. Be4 Nxc4 24. Bxh7+ Kh8 25. bxc4 b3 26. Qb1 Rxa4 27. Qe4 g5
28. Bf5 Rxc4 29. e3 Rxd4 30. exd4 Bxf5 31. Qxf5 Qc2 32. Qg4 Qg6 33. d5 cxd5 34.
Qb4 Re8 35. Rxd5 Qb1+ 36. Kg2 Qc2+ 37. Rd2 Qc6+ 38. Kf2 Qh1 39. h4 gxh4 40. Rd4
Qh2+ 41. Kf1 Qh1+ 42. Kf2 hxg3+ 43. Kxg3 Rg8+ 0-1

[Event "5th LCT Open A"]
[Site "Leiden NED"]
[Date "2011.07.16"]
[Round "8"]
[White "Roorda, Thijs"]
[Black "Van Ketel, Raoul"]
[Result "0-1"]
[BlackTitle "FM"]
[WhiteElo "2060"]
[BlackElo "2311"]
[WhiteFideId "1027930"]
[BlackFideId "1004883"]
[EventDate "2011.07.08"]

1. Nf3 Nf6 2. c4 e6 3. g3 d5 4. Bg2 dxc4 5. Qa4+ c6 6. Qxc4 b5 7. Qc2 Bb7 8. O-O
Nbd7 9. d3 Be7 10. a4 a6 11. Nbd2 O-O 12. Nb3 Rc8 13. Be3 c5 14. axb5 axb5 15.
Rfc1 Bd5 16. h3 h6 17. Bd2 Qb6 18. e4 Ba8 19. Be3 Qb8 20. Nbd2 Rfd8 21. Ra5 Bc6
22. Rca1 Bd6 23. Ne1 Bc7 24. R5a2 Bb6 25. Bf4 e5 26. Be3 Qd6 27. Qb3 Rb8 28. Qc3
Nf8 29. f4 Nh5 30. fxe5 Qg6 31. g4 Ng3 32. Kf2 b4 33. Qc4 Bd7 34. Kxg3 Be6 35.
Qc1 Bxa2 36. Rxa2 Qe6 37. Nc4 Bc7 38. b3 g5 39. Bxc5 Bxe5+ 40. Kf2 Bc3 41. Kg1
Ng6 42. Qe3 Nf4 43. d4 Ra8 44. d5 Rxa2 45. dxe6 fxe6 46. Bf1 Rd1 47. Bxb4 Bxb4
48. Qb6 Rxe1 49. Ne3 Bf8 50. b4 Rae2 0-1

[Event "5th LCT Open A"]
[Site "Leiden NED"]
[Date "2011.07.16"]
[Round "8"]
[White "Padurariu, Ioana-Smaranda"]
[Black "Pena Gomez, Manuel"]
[Result "1-0"]
[WhiteTitle "WIM"]
[BlackTitle "IM"]
[WhiteElo "2164"]
[BlackElo "2420"]
[WhiteFideId "1210947"]
[BlackFideId "2252813"]
[EventDate "2011.07.08"]

1. e4 c5 2. Nf3 e6 3. d4 cxd4 4. Nxd4 Nc6 5. Nxc6 bxc6 6. Bd3 d5 7. O-O Nf6 8.
Nc3 Be7 9. Re1 O-O 10. Bg5 h6 11. Bh4 Re8 12. e5 Nd7 13. Bxe7 Qxe7 14. Na4 c5
15. c4 Nb6 16. cxd5 exd5 17. Rc1 Nxa4 18. Qxa4 Be6 19. b3 Rab8 20. Qa5 Rec8 21.
f4 c4 22. bxc4 dxc4 23. Be4 g6 24. Qc3 Qh4 25. Rf1 Rd8 26. g3 Qh5 27. Rce1 Bh3
28. Bf3 Qf5 29. Be4 Qg4 30. Rf3 Qe6 31. Rf2 Rbc8 32. Rb2 Qe7 33. Kh1 Qc5 34. g4
Bxg4 35. Rg2 Bh5 36. f5 Kh7 37. e6 Rd4 38. exf7 Rxe4 39. fxg6+ Bxg6 40. Rxe4 Rb8
41. Re1 Qf5 42. Qxc4 Rb1 43. f8=N+ Qxf8 44. Rxb1 Bxb1 45. Kg1 Bg6 46. Qc7+ Qg7
47. Qxg7+ Kxg7 48. Rg3 Kf6 49. Ra3 Ke5 50. Rxa7 Kd4 51. Kf2 h5 52. Kg3 Ke3 53.
Kh4 Kf2 54. Kg5 Be8 55. Re7 1-0